[Event "Kishinev (Women)"]
[Site "Kishinev"]
[Date "1998.??.??"]
[Round "4"]
[White "Kovalevskaya, Ekaterina"]
[Black "Gaprindashvili, Nona"]
[Result "1-0"]
[WhiteElo "2390"]
[BlackElo "2340"]

1.e4 b6 2.d4 Bb7 3.Nc3 e6 4.Nf3 d6 5.Bd3 Nd7 6.O-O g6 7.Bg5 Ne7 8.Qd2 h6
9.Be3 Bg7 10.Rfe1 Kf8 11.h3 Kg8 12.Nh2 a6 13.f4 c5 14.Bf1 d5 15.exd5 Nxd5
16.Nxd5 Bxd5 17.c4 Bb7 18.Rad1 Qc7 19.dxc5 Nxc5 20.b4 Na4 21.Qd7 Qxd7 22.Rxd7 Bc8
23.Rc7 e5 24.Nf3 exf4 25.Bd4 Bxd4+ 26.Nxd4 Kg7 27.Ree7 Rf8 28.Be2 Bf5 29.Nxf5+ gxf5
30.Bh5 Kf6 31.Bxf7 Rac8 32.Ra7 Ra8 33.Bd5 Rxa7 34.Rxa7 Nc3 35.Rxa6 Nxd5 36.cxd5 Rb8
37.a4 Ke5 38.d6 Kxd6 39.a5 Ke5 40.Rxb6 Rd8 41.a6 f3 42.gxf3 Kf4 43.Kf2 Rd2+
44.Ke1 Ra2 45.b5 Kxf3 46.Rxh6 f4 47.Rh8  1-0

[Event "Kishinev (Women)"]
[Site "Kishinev"]
[Date "1998.??.??"]
[Round "5"]
[White "Gaprindashvili, Nona"]
[Black "Shumiakina, Tatiana"]
[Result "1-0"]
[WhiteElo "2340"]
[BlackElo "2400"]

1.d4 d5 2.c4 e6 3.Nc3 c6 4.Nf3 dxc4 5.Bg5 f6 6.Bf4 b5 7.a4 Bb4 8.e4 Bb7 9.Be2 Ne7
10.O-O a6 11.Na2 Bd6 12.Be3 Ng6 13.b3 cxb3 14.Qxb3 Qe7 15.Nc3 O-O 16.e5 fxe5
17.Bg5 Qf7 18.Ne4 Be7 19.Bc4 Bc8 20.axb5 cxb5 21.Bxb5 Bd7 22.Bc4 Nc6 23.d5 Nd8
24.Bxe7 Qxe7 25.Rfd1 exd5 26.Bxd5+ Be6 27.Nfg5 Bxd5 28.Rxd5 Nf7 29.Rd6 Nf4
30.Rdxa6 Rxa6 31.Rxa6 h6 32.Ne6 Nxe6 33.Rxe6 Qc7 34.g3 Rb8 35.Qd5 Rd8 36.Qb3 Rb8
37.Qd5 Rd8 38.Qb5 Kh7 39.Kg2 Qc2 40.Qb7 Rd7 41.Nf6+ gxf6 42.Qxd7 Qe4+ 43.Kf1 Qb1+
44.Ke2 Qe4+ 45.Kd2 Qb4+ 46.Kd3 Qb3+ 47.Ke2 Qc2+ 48.Kf3 Qf5+ 49.Ke3 Qg5+ 50.Ke2 Qg4+
51.f3 Qc4+ 52.Qd3+ Qxd3+ 53.Kxd3 Kg6 54.h4 h5 55.g4 hxg4 56.fxg4 Nh6 57.g5 Ng4
58.Ke4 Kf7 59.Ra6 Kg7 60.gxf6+ Nxf6+ 61.Kf5 Nh5 62.Kg5 Nf4 63.Ra7+ Kg8 64.h5 Ne6+
65.Kf6 Nf4 66.h6 e4 67.h7+ Kh8 68.Kg5 Ne6+ 69.Kh6  1-0

[Event "Kishinev (Women)"]
[Site "Kishinev"]
[Date "1998.??.??"]
[Round "6"]
[White "Gaprindashvili, Nona"]
[Black "Skripchenko, Almira"]
[Result "1-0"]
[WhiteElo "2340"]
[BlackElo "2400"]

1.d4 g6 2.c4 Bg7 3.Nf3 c5 4.d5 f5 5.g3 Nf6 6.Nc3 O-O 7.Bg2 d6 8.O-O Na6 9.Rb1 Nc7
10.a4 Rb8 11.b3 h6 12.Ne1 a6 13.Nd3 g5 14.b4 cxb4 15.Nxb4 Nd7 16.Qc2 Qe8
17.a5 Ne5 18.Nc6 Ra8 19.Nxe5 Bxe5 20.f4 Bf6 21.Na4 Qg6 22.Kh1 Ne8 23.Nb6 Rb8
24.e4 gxf4 25.Bxf4 Ng7 26.Nxc8 Rfxc8 27.exf5 Qh7 28.Be3 Rc7 29.Bb6 Rcc8 30.Ba7 Ra8
31.Rxb7 h5 32.Be4 h4 33.g4 Qh6 34.Bb6 h3 35.Qd3 Bg5 36.Rf3 Qh4 37.Bf2 Qxg4
38.Rg3 Qh4 39.Rb1 Kf8 40.Rbg1 Bf6 41.Rf3 Qh6 42.Rxh3 Qf4 43.Bg3 Qg4 44.Rh6 Nh5
45.Be1 Qf4 46.Rxh5 Rab8 47.Bg3 Qg4 48.Rh6 Rb3 49.Rxf6+ Ke8 50.Rg6  1-0

[Event "Kishinev (Women)"]
[Site "Kishinev"]
[Date "1998.??.??"]
[Round "7"]
[White "Peptan, Corina"]
[Black "Gaprindashvili, Nona"]
[Result "1/2-1/2"]
[WhiteElo "2410"]
[BlackElo "2340"]

1.e4 c5 2.Nf3 d6 3.d4 cxd4 4.Nxd4 Nf6 5.Nc3 Nc6 6.Bg5 Bd7 7.Qd2 Rc8 8.O-O-O Nxd4
9.Qxd4 Qa5 10.Be3 a6 11.f3 e5 12.Qb6 Qxb6 13.Bxb6 Be6 14.Be2 Be7 15.Rd2 O-O
16.Rhd1 Rc6 17.Be3 Rfc8 18.Kb1 b5 19.a4 Rxc3 20.bxc3 Rxc3 21.Rd3 Rc8 22.axb5 axb5
23.Rxd6 Bxd6 24.Rxd6 Nd7 25.Ra6 Rb8 26.Ra5 b4 27.Rb5 Rxb5 28.Bxb5 f6 29.Bd2 Nb6
30.Bxb4 Nc4 31.Bc5 g5 32.c3 Kg7 33.Kc2 h5 34.Bc6 g4 35.Bd5 Bxd5 36.exd5 gxf3
37.gxf3 Kf7 38.Kd3 Nb2+ 39.Ke4 Na4 40.Bb4 Nb6 41.h4 Ke8 42.f4 exf4 43.Bd6 f3
44.Bg3 Kd7 45.d6 Na4 46.c4 f2 47.Bxf2 Kxd6 48.Bd4 Nc5+ 49.Kf5 Nd7 50.Bxf6 Nb6
51.Kg5 Nxc4 52.Kxh5 Ne3 53.Kg5 Ke6 54.h5 Nd5 55.Bd4 Kf7 56.Be5  1/2-1/2

[Event "Kishinev (Women)"]
[Site "Kishinev"]
[Date "1998.??.??"]
[Round "8"]
[White "Gaprindashvili, Nona"]
[Black "Madl, Ildiko"]
[Result "1/2-1/2"]
[WhiteElo "2340"]
[BlackElo "2380"]

1.d4 Nf6 2.c4 c5 3.d5 g6 4.Nc3 Bg7 5.e4 d6 6.Be2 O-O 7.Nf3 e6 8.O-O Re8 9.Nd2 Na6
10.f3 Nc7 11.a4 Qe7 12.Ndb1 e5 13.g4 h6 14.Be3 Nh7 15.Bd3 Na6 16.Na3 Nb4
17.Bb1 Ng5 18.Kg2 Rf8 19.h3 f5 20.Qd2 f4  1/2-1/2

[Event "Kishinev (Women)"]
[Site "Kishinev"]
[Date "1998.??.??"]
[Round "9"]
[White "Gaprindashvili, Nona"]
[Black "Kovalevskaya, Ekaterina"]
[Result "0-1"]
[WhiteElo "2340"]
[BlackElo "2390"]

1.d4 Nf6 2.c4 d6 3.Nc3 e5 4.Nf3 Nbd7 5.g3 g6 6.Bg2 Bg7 7.O-O O-O 8.h3 exd4
9.Nxd4 Re8 10.e4 Nc5 11.Re1 a5 12.Qc2 Bd7 13.Be3 Qc8 14.Kh2 Re5 15.g4 Re8
16.f3 c6 17.Rad1 Be6 18.Bf1 Qc7 19.Bf4 Rad8 20.Bg3 Qb6 21.Nxe6 Nxe6 22.Rxd6 Rxd6
23.Bxd6 Rd8 24.Bg3 Nd7 25.Rd1 Be5 26.Ne2 Qf2+  0-1

[Event "Kishinev (Women)"]
[Site "Kishinev"]
[Date "1998.??.??"]
[Round "10"]
[White "Shumiakina, Tatiana"]
[Black "Gaprindashvili, Nona"]
[Result "0-1"]
[WhiteElo "2400"]
[BlackElo "2340"]

1.d4 d6 2.c4 Nd7 3.Nc3 e5 4.Nf3 g6 5.g3 Bg7 6.Bg2 Nh6 7.dxe5 dxe5 8.h4 f6
9.h5 g5 10.Qc2 Nc5 11.b4 Ne6 12.Bb2 O-O 13.Rd1 Qe7 14.Nd5 Qf7 15.Ne3 g4 16.Nh2 f5
17.f3 Nd4 18.Bxd4 exd4 19.Nd5 c6 20.Nf4 Qe7 21.O-O Qxb4 22.fxg4 Qe7 23.Qd3 Bd7
24.e3 fxg4 25.exd4 Nf5 26.Nxg4 Bxd4+ 27.Kh2 Qg5 28.Bh3 Rad8 29.c5 Kh8 30.Qb3 Bg7
31.Qxb7 Bc8 32.Qxc6 Rxd1 33.Rxd1 Nxg3 34.Ne6 Bxe6 35.Qxe6 Nxh5 36.Qe4 Qxc5
37.Qd5 Qc7+ 38.Qd6 Qa5  0-1

[Event "EUCup final (Women)"]
[Site "Wuppertal"]
[Date "1998.??.??"]
[Round "4"]
[White "Foisor, Cristina Adela B"]
[Black "Gaprindashvili, Nona"]
[Result "1-0"]
[WhiteElo "2410"]
[BlackElo "2340"]

1.c4 g6 2.g3 Bg7 3.Bg2 e5 4.Nc3 Nc6 5.Rb1 a5 6.d3 d6 7.e3 Nge7 8.Nge2 O-O
9.a3 Be6 10.Nd5 Qd7 11.Nec3 Nd8 12.O-O Nc8 13.Ne4 f6 14.f4 c6 15.Ndc3 Nf7
16.Nf2 f5 17.Qc2 Ne7 18.Na4 Qc7 19.Bd2 b6 20.Rfc1 g5 21.Re1 Ng6 22.b4 axb4
23.axb4 Rac8 24.b5 cxb5 25.Rxb5 Bd7 26.Rbb1 b5 27.Nc3 bxc4 28.Nd5 Qd8 29.dxc4 e4
30.Nb6 Rc6 31.Nxd7 Qxd7 32.Qa4 Qc8 33.Bf1 gxf4 34.exf4 Bd4 35.Be3 Bc5 36.Rb5 Ra6
37.Qc2 Ra3 38.Nd1 Ra1 39.Qf2 Qd7 40.Nc3 Bxe3 41.Qxe3 Rxe1 42.Qxe1 Qa7+ 43.Qf2 e3
44.Qe2 Qd4 45.Nd5 Re8 46.Qb2 Qxb2 47.Rxb2 Re6 48.Re2 Ne7 49.Nxe3 Kf8 50.Kf2 Nh6
51.h3 Nhg8 52.Ra2 Nf6 53.Bd3 Ne4+ 54.Bxe4 Rxe4 55.Ra5 Ke8 56.Kf3 Rd4 57.Nxf5 Nxf5
58.Rxf5 Rxc4 59.Rd5 Rc6 60.h4 Kf7 61.Ke4 Ke6 62.f5+ Kf6 63.g4 h6 64.Rd4 Ke7
65.Kf4 Rc1 66.g5 Rf1+ 67.Kg4 h5+ 68.Kxh5 Rxf5 69.Kg6 Rf8 70.Re4+ Kd7 71.h5 d5
72.Re1 Rg8+ 73.Kf6 Rf8+ 74.Kg7 Rf5 75.Kg6 Rf3 76.h6  1-0

[Event "EUCup final (Women)"]
[Site "Wuppertal"]
[Date "1998.??.??"]
[Round "5"]
[White "Gaprindashvili, Nona"]
[Black "Radziewicz, Iweta"]
[Result "0-1"]
[WhiteElo "2340"]
[BlackElo "2420"]

1.d4 e6 2.c4 c5 3.d5 exd5 4.cxd5 d6 5.Nc3 g6 6.e4 Bg7 7.Be2 a6 8.a4 Ne7 9.Nf3 O-O
10.Bf4 Bg4 11.Qb3 b6 12.O-O Nc8 13.Rfe1 Nd7 14.Rad1 Re8 15.Nd2 Bxe2 16.Rxe2 g5
17.Be3 Rb8 18.Nf1 h6 19.Ng3 Ne7 20.Nh5 Bh8 21.f4 Ng6 22.fxg5 hxg5 23.Rf1 b5
24.axb5 axb5 25.Qc2 b4 26.Nd1 b3 27.Qb1 Rb4 28.Bd2 Rc4 29.Bc3 Qe7 30.Bxh8 Kxh8
31.Nc3 Rd4 32.Ref2 Rf8 33.Qc1 Rd3 34.Rf5 f6 35.R5f2 Nge5 36.Rf5 Qh7 37.Nxf6 Rxf6
38.Qxg5 Qh6 39.h4 Qxg5 40.hxg5 Rg6 41.Ne2 Rd2 42.Nf4 Rxb2 43.Nxg6+ Nxg6 44.Rf7 Nge5
45.Re7 Ra2 46.Re8+ Kg7 47.Re7+ Kg6 48.Kh2 b2 49.Kh3 Ra8 50.Re6+ Kg7 51.Re7+ Kg8
52.g6 Rb8 53.Rb1 c4 54.Kg3 c3  0-1

[Event "EUCup final (Women)"]
[Site "Wuppertal"]
[Date "1998.??.??"]
[Round "6"]
[White "Dambravaite, Asta"]
[Black "Gaprindashvili, Nona"]
[Result "0-1"]
[WhiteElo "2155"]
[BlackElo "2340"]

1.d4 g6 2.Nf3 Bg7 3.g3 d6 4.Bg2 Nd7 5.c3 e5 6.dxe5 dxe5 7.O-O Ne7 8.Nbd2 O-O
9.Qc2 h6 10.b3 Nb6 11.Bb2 Bf5 12.e4 Be6 13.Rfe1 Nc6 14.Rad1 Qe7 15.Nf1 Rfd8
16.Ne3 Rxd1 17.Rxd1 Rd8 18.Rd2 a5 19.Qd1 Rxd2 20.Qxd2 Qc5 21.Nc2 a4 22.c4 axb3
23.axb3 Nd7 24.Qc3 Qa7 25.Bf1 Nc5 26.Nd2 Nd4 27.Nb4 c6 28.Nd3 Nd7 29.Nc1 Kh7
30.Kg2 Qb6 31.b4 Qd8 32.c5 b6 33.Nd3 bxc5 34.Nxc5 Nxc5 35.bxc5 Qe7 36.Ba3 Bc8
37.Bc4 Qd7 38.Nf3 Qh3+ 39.Kg1 Qg4 40.Nxd4 exd4 41.Qd3 Be6 42.Ba6 Ba2 43.Bb2 Qd7
44.f4 Be6 45.e5 Bf8 46.Bxd4 Qa7 47.Kf2 Bxc5 48.Bxc5 Qxc5+ 49.Qe3 Qd5 50.Qf3 Qd4+
51.Qe3 Qd5 52.Qf3 Qd7 53.Qe3 Bd5 54.Bf1 Qb7 55.Be2 Qb2 56.g4 Be6 57.h3 Qc2
58.Kg3 c5 59.Bd3 Qb3 60.Kf2 c4 61.Be4 c3 62.Qe2 Bc4 63.Qc2 Qb6+ 64.Kf3 Qd4
65.e6 Bxe6 66.f5 Bd5 67.fxg6+ fxg6 68.Bxd5 Qxd5+ 69.Ke3 Qc4 70.Qd1 Qc5+ 71.Ke2 c2
72.Qd7+ Kg8  0-1

[Event "Keres mem (Women)"]
[Site "Tallinn"]
[Date "1999.01.09"]
[Round "1"]
[White "Cmilyte, Viktorija"]
[Black "Gaprindashvili, Nona"]
[Result "1/2-1/2"]
[WhiteElo "2310"]
[BlackElo "2365"]

1.d4 d5 2.c4 e6 3.Nc3 Be7 4.cxd5 exd5 5.Bf4 Nf6 6.e3 Bf5 7.Be2 c6 8.Nf3 Nbd7
9.O-O Nh5 10.Be5 Nxe5 11.Nxe5 Nf6 12.a3 O-O 13.b4 Bd6 14.Nf3 Re8 15.Bd3 Ne4
16.Qc2 Qf6 17.Rfe1 Qh6 18.g3 Bg4 19.Be2 Nxc3 20.Qxc3 Qh5 21.Kg2 Re6 22.Qd3 Qh3+
23.Kg1 Rh6 24.Bf1 Qh5 25.Nh4 g5 26.h3 gxh4 27.hxg4 Qxg4 28.Be2 Qh3 29.Bf1 Qe6
30.e4 hxg3 31.e5 gxf2+ 32.Kxf2 Be7 33.Ke2 Bh4 34.Bh3 Qe7 35.Rg1+ Kh8 36.Bf5 Rg8
37.Rxg8+ Kxg8 38.Rg1+ Kh8 39.Qe3 Rh5 40.Qf3 Rg5 41.Rh1 Rg7 42.Qh5 Qg5  1/2-1/2

[Event "Keres mem (Women)"]
[Site "Tallinn"]
[Date "1999.01.09"]
[Round "2"]
[White "Gaprindashvili, Nona"]
[Black "Kovalevskaya, Ekaterina"]
[Result "1-0"]
[WhiteElo "2365"]
[BlackElo "2499"]

1.d4 Nf6 2.c4 d6 3.Nc3 e5 4.Nf3 Nbd7 5.g3 g6 6.Bg2 Bg7 7.O-O O-O 8.h3 exd4
9.Nxd4 Re8 10.e4 Nc5 11.Re1 a5 12.Ndb5 Nfd7 13.Be3 Ne5 14.b3 Ned3 15.Re2 c6
16.Nd4 Nb4 17.a3 Nba6 18.Rb1 Ne6 19.Nxe6 Bxe6 20.Bd4 Nc5 21.Bxg7 Kxg7 22.Qd4+ f6
23.Rd2 Re7 24.b4 axb4 25.axb4 Na4 26.Nxa4 Rxa4 27.c5 d5 28.Qc3 Qc8 29.exd5 Bxd5
30.Bxd5 cxd5 31.Qb3 Ra6 32.Kg2 Qf5 33.Rxd5 Qe4+ 34.Kg1 Ra3 35.Qd1 Ra2 36.Rd7 Rxd7
37.Qxd7+ Kh6 38.Qd1 Qf5 39.Qc1+ Kg7 40.Rb2 Rxb2 41.Qxb2 Qxh3 42.Qd4 Qe6 43.b5 Kf7
44.Qf4 Qd7 45.Qc4+ Qe6 46.Qc3 Ke7 47.c6 bxc6 48.bxc6 Kd8 49.Qa5+ Kc8 50.Qa8+ Kc7
51.Qb7+ Kd6 52.c7 Qe1+ 53.Kg2  1-0

[Event "Keres mem (Women)"]
[Site "Tallinn"]
[Date "1999.01.10"]
[Round "5"]
[White "Reizniece, Dana"]
[Black "Gaprindashvili, Nona"]
[Result "1-0"]
[WhiteElo "2270"]
[BlackElo "2365"]

1.Nf3 g6 2.g3 Bg7 3.Bg2 e5 4.d3 d6 5.O-O Nf6 6.c4 Nc6 7.Nc3 O-O 8.Rb1 a5
9.a3 h6 10.b4 axb4 11.axb4 Be6 12.b5 Ne7 13.Bb2 Qd7 14.Re1 Bh3 15.Bh1 Ng4
16.Ra1 Rab8 17.Ra7 f5 18.Nd2 e4 19.e3 Ne5 20.dxe4 Nd3 21.Ba1 Nxe1 22.Qxe1 Ra8
23.Rxb7 Qc8 24.exf5 Qxf5 25.Bb2 Ra2 26.Nxa2 Bxb2 27.Rxc7 Nc8 28.Ne4 Be5 29.Qd2 Kh8
30.Rc6 Ne7 31.Rc7 Nc8 32.Rb7 Qe6 33.Qd5 Qg4 34.f3 Rxf3 35.Bxf3 Qxf3 36.Rh7+ Kxh7
37.Ng5+ hxg5 38.Qxf3 Be6 39.Nb4 Nb6 40.Qb7+ Nd7 41.Nd5 Kh6 42.b6 Nc5 43.Qc7 Bxd5
44.cxd5 g4 45.b7 Nxb7 46.Qxb7 Kg5 47.Qf7 Kh5 48.Qe7 Kh6 49.Kf2 g5 50.Qxe5  1-0

[Event "Keres mem (Women)"]
[Site "Tallinn"]
[Date "1999.01.10"]
[Round "6"]
[White "Fomina, Tatyana"]
[Black "Gaprindashvili, Nona"]
[Result "1-0"]
[WhiteElo "2297"]
[BlackElo "2365"]

1.e4 g6 2.d4 Bg7 3.Bc4 e6 4.Bb3 b6 5.Nf3 Bb7 6.Qe2 d6 7.c3 Ne7 8.Bg5 h6 9.Bh4 O-O
10.Nbd2 Nd7 11.Bg3 Nf6 12.e5 Nh5 13.exd6 cxd6 14.O-O Nxg3 15.hxg3 Bd5 16.Bc2 Qd7
17.Rfe1 b5 18.Bd3 Rab8 19.Nf1 Qb7 20.Ne3 Be4 21.Nd2 Bxd3 22.Qxd3 a5 23.Ng4 Qc7
24.Qf3 Nd5 25.Rac1 Rfc8 26.Ne3 Nxe3 27.Qxe3 Qb6 28.Nf3 Rc7 29.g4 Rbc8 30.g5 h5
31.g4 hxg4 32.Nh2 Rc4 33.Nxg4 b4 34.Nf6+ Bxf6 35.gxf6 Qd8 36.Qf3 Kf8 37.Kg2 Ke8
38.Rh1 Kd7 39.Rh7 Qe8 40.Qb7+ R8c7 41.Qb5+ Kd8 42.Qxa5 Qc6+ 43.f3 bxc3 44.Rxc3 Rxc3
45.bxc3 Kc8 46.Rh8+ Kd7 47.Rf8 Qc4 48.Kf2 Qd3 49.Qa4+ Rc6 50.Rxf7+ Ke8 51.Re7+ Kd8
52.Qa8+ Rc8 53.Qa5+  1-0

[Event "Open"]
[Site "Groningen NED"]
[Date "1999.12.27"]
[Round "8"]
[White "Gaprindashvili,N"]
[Black "Van der Marel,B"]
[Result "1-0"]
[WhiteElo "2366"]
[BlackElo "2220"]

1.d4 c5 2.d5 d6 3.c4 g6 4.Nc3 Bg7 5.e4 Nf6 6.Bd3 O-O 7.Nf3 Na6 8.h3 Nc7 9.O-O b5
10.cxb5 a6 11.b6 Nb5 12.a4 Nxc3 13.bxc3 Qxb6 14.Qc2 Qc7 15.Rb1 c4 16.Be2 e6
17.dxe6 Bxe6 18.Nd4 Nd7 19.Be3 d5 20.Bf3 Ne5 21.Be2 Nd7 22.Nxe6 fxe6 23.exd5 exd5
24.Rfd1 Rae8 25.Qd2 Nf6 26.Bf3 Kh8 27.Bb6 Qc6 28.a5 Ne4 29.Bxe4 Rxe4 30.Be3 d4
31.cxd4 c3 32.Qc2 Rxe3 33.fxe3 Bh6 34.Re1 Re8 35.Qd3 Qd6 36.Qxc3 Qg3 37.Kh1 Bf4
38.exf4 Qxc3 39.Rxe8+ Kg7 40.Rb7+ Kh6 41.Rf8 g5 42.Rf6+ Kh5 43.Rxh7+  1-0

[Event "ch-Europe Women"]
[Site "Batumi GEO"]
[Date "2000.05.27"]
[Round "1.1"]
[White "Gaprindashvili,N"]
[Black "Galianina Ryjanova,J"]
[Result "1-0"]
[WhiteElo "2383"]
[BlackElo "2307"]

1.d4 Nf6 2.c4 e6 3.Nc3 Bb4 4.g3 c5 5.Nf3 Nc6 6.Bg2 Qa5 7.O-O Bxc3 8.bxc3 Qxc3
9.Bf4 cxd4 10.Rc1 Qb2 11.Rc2 Qb6 12.c5 Qb4 13.Qd3 b6 14.a3 Qa4 15.Rc4 Qa6
16.Nxd4 Na5 17.Ra4 Qxd3 18.exd3 d5 19.cxd6 Bb7 20.Bxb7 Nxb7 21.Nb5 Kd7 22.Rc1 Nc5
23.Rac4 Nd5 24.d4 Nd3 25.Rc7+ Nxc7 26.Rxc7+ Ke8 27.Bg5 f6 28.Rxg7 Kf8 29.Bh6  1-0

[Event "ch-Europe Women"]
[Site "Batumi GEO"]
[Date "2000.05.28"]
[Round "1.2"]
[White "Galianina Ryjanova,J"]
[Black "Gaprindashvili,N"]
[Result "1/2-1/2"]
[WhiteElo "2307"]
[BlackElo "2383"]

1.d4 d5 2.c4 e6 3.Nc3 Be7 4.Nf3 Nf6 5.cxd5 exd5 6.Bg5 c6 7.Qc2 Na6 8.a3 Nc7
9.e3 Ne6 10.Bh4 g6 11.h3 Ng7 12.g4 h5 13.Bxf6 Bxf6 14.Rg1 hxg4 15.hxg4 Be6
16.Bd3 Rh3 17.Nd2 Bh4 18.Nf1 Qf6 19.Qe2 O-O-O 20.Rg2 Re8 21.O-O-O Qf3 22.Qxf3 Rxf3
23.Rd2 Bd7 24.Rh2 g5 25.Nd1 Rf6 26.Be2 Rh6 27.b3 f5 28.gxf5 Nxf5 29.Nb2 Nd6
30.Nd3 Rf8 31.f3 Kc7 32.Ne5 Bc8 33.Bd3 Nf7 34.Ng6 Re8 35.Rdg2 Nd6 36.Ne5 Ree6
37.Kd2 Ref6 38.Ke2 Nf7 39.Ng4 Bxg4 40.Rxg4 Rh8 41.e4 Nh6 42.Rgg2 Rhf8 43.Nd2 Rf4
44.Rg1 Rd8 45.Ke3 Re8 46.e5 c5 47.Rc1 b6 48.b4 c4 49.Bc2 Ref8 50.Rh3 Kd7
51.Nb1 Ke6 52.Nc3 a6 53.Na4 Rb8 54.Rg1 Nf7 55.Bg6 Nd8 56.Rxh4 Rxh4 57.Rxg5 Nf7
58.Rf5 Nh8 59.Rf6+ Ke7 60.Nxb6 Rd8 61.Bf5 Rh1 62.Rc6 Ra1 63.Rc7+ Ke8 64.e6 Rd6
65.Nc8 Rxe6+ 66.Bxe6 Re1+ 67.Kd2 Rxe6 68.Na7 Nf7 69.Nc6 Nd6 70.a4 Rh6 71.Ne5 Rh2+
72.Kc3 Ra2 73.Rc6 Nf5 74.Re6+ Kd8 75.Rxa6 Ra3+ 76.Kb2 Rb3+ 77.Kc1 Kc7 78.Rc6+ Kb7
79.Rc5 Rxb4 80.Rxd5 Rxa4 81.Nd7 Kc6 82.Rxf5 Kxd7 83.Kc2 Ra3 84.Rc5 Rxf3  1/2-1/2

[Event "ch-Europe Women"]
[Site "Batumi GEO"]
[Date "2000.05.29"]
[Round "2.1"]
[White "Gaprindashvili,N"]
[Black "Zatonskih,A"]
[Result "1/2-1/2"]
[WhiteElo "2383"]
[BlackElo "2441"]

1.d4 e6 2.c4 f5 3.g3 Nf6 4.Bg2 c6 5.Nf3 d5 6.O-O Bd6 7.Bf4 Bxf4 8.gxf4 O-O
9.Nbd2 Bd7 10.Ne5 Be8 11.Qb3 Qb6 12.Qe3 Bh5 13.f3 Kh8 14.c5 Qd8 15.b4 Na6
16.Rab1 Nc7 17.a4 Be8 18.Nd3 Ng8 19.Kh1 Rf6 20.Rg1 Ne7 21.Bf1 Ng6 22.Qf2 Rf8
23.e3 Bd7 24.Be2 Qe7 25.Nb3 Rab8 26.Rg5 Be8 27.Rbg1 Rg8 28.Qg3 Nf8 29.Qh3 Qf6
30.Ne5 Qe7 31.Na5 Qf6 32.Bd3 Qd8 33.Qh4 Qe7 34.b5 cxb5 35.axb5 Nd7 36.Nxd7 Qxd7
37.Nxb7 Nxb5 38.R5g3 g6 39.Bxb5 Qxb7 40.Bxe8 Rgxe8 41.Rxg6 Qf7 42.Qh6 Rb7
43.R6g2 a5 44.Ra2 Ra8 45.Qg5 Rba7 46.Ra4 Rf8 47.Qh4 Qd7 48.Qh6 Qf7 49.Rga1 Rfa8
50.Qh4 Qf8 51.Rb1 Qf7 52.Rb6 Rg8 53.Qh6 Qe8 54.Ra1 Rg6 55.Qh4 a4 56.Rab1 Ra8
57.Rb7 Qg8 58.Qf2 Rg7 59.c6 Rc8 60.Rxg7 Qxg7 61.Rb7 Qg6 62.c7 a3 63.Rb8 Qe8
64.Qh4 Rxb8 65.Qf6+ Kg8 66.cxb8=Q Qxb8 67.Qxe6+ Kh8 68.Qf6+ Kg8 69.Qg5+ Kh8
70.Qf6+  1/2-1/2

[Event "ch-Europe Women"]
[Site "Batumi GEO"]
[Date "2000.05.30"]
[Round "2.2"]
[White "Zatonskih,A"]
[Black "Gaprindashvili,N"]
[Result "1/2-1/2"]
[WhiteElo "2441"]
[BlackElo "2383"]

1.e4 c5 2.Nc3 d6 3.f4 Nc6 4.Nf3 g6 5.Bb5 Bg7 6.Bxc6+ bxc6 7.O-O Nf6 8.d3 O-O
9.h3 Rb8 10.Qe1 Ne8 11.b3 Nc7 12.Rb1 Ne6 13.Ne2 Nd4 14.Nexd4 cxd4 15.f5 e6
16.Qf2 exf5 17.exf5 Bxf5 18.Nxd4 Bd7 19.Nf3 Be6 20.Bf4 Qd7 21.Ng5 h6 22.Nxe6 fxe6
23.Qg3  1/2-1/2

[Event "ch-Europe Women"]
[Site "Batumi GEO"]
[Date "2000.05.30"]
[Round "2.3"]
[White "Gaprindashvili,N"]
[Black "Zatonskih,A"]
[Result "0-1"]
[WhiteElo "2383"]
[BlackElo "2441"]

1.d4 e6 2.c4 Nf6 3.Nc3 Bb4 4.g3 c5 5.Bg2 O-O 6.Nf3 cxd4 7.Nxd4 d5 8.cxd5 Nxd5
9.Qb3 Qa5 10.Bd2 Nc6 11.Nxc6 bxc6 12.O-O Bxc3 13.bxc3 Ba6 14.Bf3 Rab8 15.Qc2 Bc4
16.Rfb1 Rb6 17.e4 Nf6 18.Be3 Rxb1+ 19.Rxb1 Nd7 20.Rb4 Ne5 21.Bg2 Bb5 22.a4 Bd3
23.Qb3 Ng4 24.Bf4 e5 25.Bd2 Qc5 26.Be1 a5 27.Rb8 g6 28.Rxf8+ Kxf8 29.h3 Nf6
30.Bd2 Kg7 31.Be3 Qd6 32.f3 Be2 33.Qb6 Qd1+ 34.Kh2 Bxf3 35.Qxa5 Qe2 36.Bf2  0-1

[Event "ch-Europe Women"]
[Site "Batumi GEO"]
[Date "2000.05.30"]
[Round "2.4"]
[White "Zatonskih,A"]
[Black "Gaprindashvili,N"]
[Result "1-0"]
[WhiteElo "2441"]
[BlackElo "2383"]

1.e4 b6 2.d4 Bb7 3.Nc3 e6 4.Nf3 d6 5.Bd3 Nd7 6.O-O g6 7.Bg5 Ne7 8.Qd2 h6
9.Be3 Bg7 10.h3 a6 11.a4 Nf6 12.Qe2 O-O 13.Bf4 Nd7 14.Rad1 Kh7 15.Bg3 Qe8
16.Rfe1 Nf6 17.e5 dxe5 18.Bxe5 Qd7 19.Ne4 Ne8 20.Bxg7 Kxg7 21.a5 Nd5 22.Ne5 Qe7
23.Qd2 f5 24.Nc3 b5 25.Nxd5 Bxd5 26.c4 bxc4 27.Bxc4 Nf6 28.Bxd5 Nxd5 29.Rc1 Rf6
30.Rc4 Qe8 31.Nd3 Ra7 32.Nf4 Qd7 33.Rc5 Ne7 34.Qc3 Kf7 35.Rc1 c6 36.Nd3 Qd6
37.Ne5+ Kg7 38.Nxc6 Rd7 39.Ne5 Rb7 40.Rc7  1-0

[Event "FIDE WCh Women KO"]
[Site "New Delhi ITA"]
[Date "2000.11.27"]
[Round "1.1"]
[White "Khurtsilava,I"]
[Black "Gaprindashvili,N"]
[Result "1-0"]
[WhiteElo "2233"]
[BlackElo "2390"]

1.c4 e5 2.Nc3 Nc6 3.g3 g6 4.Bg2 Bg7 5.e3 d6 6.Nge2 Be6 7.d3 Qd7 8.Nd5 Nd8
9.e4 c6 10.Ne3 Ne7 11.d4 Bh3 12.d5 Bxg2 13.Nxg2 f5 14.Bg5 Nf7 15.Bxe7 Qxe7
16.Nc3 O-O 17.O-O Ng5 18.h4 Nf7 19.f3 Nh6 20.Qe2 c5 21.g4 Nf7 22.a3 Bf6 23.Qe1 Rae8
24.Nd1 f4 25.Rb1 Rc8 26.Nc3 a6 27.Qf2 Qd7 28.Qe2 Rc7 29.Rfc1 Rfc8 30.a4 Rb8
31.Kf2 Rcc8 32.Rh1 h5 33.Rbg1 Kf8 34.Ne1 Qd8 35.gxh5 Bxh4+ 36.Kf1 g5 37.Qg2 Qf6
38.Rxh4 gxh4 39.Qh3 Nh8 40.Qd7 Rd8 41.Qe6 Qxe6 42.dxe6 Re8 43.Ng2 h3 44.Nh4 Rxe6
45.Nf5 Nf7 46.Nd5 h2 47.Rh1 Nh6 48.Nh4 Kf7 49.Rxh2 Rg8 50.Ng6 Ree8 51.a5 Rg7
52.Rg2 Rh7 53.Rg5 Rg7 54.Kg2 Re6 55.Kh3 Rexg6 56.hxg6+ Rxg6 57.Kh4 Ng8 58.Rf5+ Kg7
59.Rg5 Kh7 60.Nc7 Nf6 61.Rxg6 Kxg6 62.b3 Ng8 63.Ne8 Nf6 64.Nxd6 Nd7 65.Nxb7 Kf6
66.Nd6 Nb8 67.Nb7 Nc6 68.Nxc5 Nxa5 69.Kg4 Ke7 70.Kf5 Nc6 71.Nxa6 Nd4+ 72.Kxe5 Nxf3+
73.Kxf4 Nd2 74.Nc5 Kd6 75.Nb7+ Kc6 76.Na5+ Kc5 77.e5 Nb1 78.b4+  1-0

[Event "FIDE WCh Women KO"]
[Site "New Delhi IND"]
[Date "2000.11.28"]
[Round "1.2"]
[White "Gaprindashvili,N"]
[Black "Khurtsilava,I"]
[Result "0-1"]
[WhiteElo "2390"]
[BlackElo "2233"]

1.d4 Nf6 2.c4 e6 3.Nc3 d5 4.Bg5 Be7 5.e3 O-O 6.Nf3 Nbd7 7.Qc2 h6 8.Bh4 b6
9.Rd1 Bb7 10.cxd5 exd5 11.Bd3 Re8 12.Bg3 c5 13.O-O c4 14.Bf5 a6 15.Ne5 b5
16.b3 Nb6 17.bxc4 Nxc4 18.Qb3 Bd6 19.Nd3 Ne4 20.Bxe4 dxe4 21.Nc5 Bxg3 22.hxg3 Bd5
23.Qb4 Nb6 24.Rfe1 Bc4  0-1

[Event "2nd ch-EUR Women"]
[Site "Warsaw POL"]
[Date "2001.04.27"]
[Round "6"]
[White "Kulish,I"]
[Black "Gaprindashvili,N"]
[Result "1/2-1/2"]
[WhiteElo "2302"]
[BlackElo "2376"]

1.e4 c6 2.d4 d5 3.Nd2 g6 4.h3 Bg7 5.Ngf3 Nh6 6.Bd3 O-O 7.O-O f6 8.Re1 Nf7
9.c4 e6 10.b3 Re8 11.Bb2 dxe4 12.Nxe4 f5 13.Ng3 c5 14.Bf1 Nc6 15.Ne2 cxd4
16.Nexd4 Qb6 17.c5 Qxc5 18.Rc1 Qb6 19.Nxc6 Bxb2 20.Rc2 bxc6 21.Rxb2 Ba6 22.Bxa6 Qxa6
23.Ne5 Rad8 24.Qc1 Nxe5 25.Rxe5 Rd5 26.Re1 c5 27.Rc2 Qd6 28.Qe3 Re7 29.Rc4 Kf7
30.Qh6 Kg8 31.Qe3 e5 32.Rec1 f4 33.Qf3 Kg7 34.Qc3 Rd3 35.Qe1 Rd5 36.Qc3 Rd3
37.Qe1 Qf6 38.Qe2 Rd4 39.Rxc5 e4 40.Rc6 Qg5 41.R6c5 f3 42.Qf1 Qf6 43.Rc7 fxg2
44.Qxg2 Rxc7 45.Rxc7+ Kh6 46.Rc1 Rd2 47.Re1 Qf4 48.Qg3 Qxg3+ 49.fxg3 Rxa2
50.Rxe4 a5 51.Re5 Kg7 52.Re7+ Kh6 53.Re5  1/2-1/2

[Event "2nd ch-EUR Women"]
[Site "Warsaw POL"]
[Date "2001.04.29"]
[Round "7"]
[White "Gaprindashvili,N"]
[Black "Tereladze,S"]
[Result "0-1"]
[WhiteElo "2376"]
[BlackElo "2267"]

1.d4 Nf6 2.c4 c5 3.d5 e6 4.Nc3 exd5 5.cxd5 d6 6.e4 g6 7.Nf3 Bg7 8.Be2 O-O
9.O-O Re8 10.Nd2 Nbd7 11.a4 Ne5 12.Ra3 g5 13.Re1 h6 14.Nf1 a6 15.Ng3 Rb8
16.Qc2 Bd7 17.a5 Ng6 18.Nd1 Nf4 19.Ne3 Nxe2+ 20.Rxe2 Bf8 21.Re1 Nxe4 22.Nxe4 f5
23.Ng3 f4 24.Qg6+ Bg7 25.Nh5 Qe7 26.Nxg7 Qxg7 27.Qxg7+ Kxg7 28.Nc2 Bf5 29.Ne3 fxe3
30.Bxe3 Kf7 31.Rd1 Re4 32.Rb3 Ra4 33.Rb6 Ke7 34.Bd2 Rd4 35.Re1+ Kd7 36.Bc3 Rxd5
37.Bg7 h5 38.Bf6 Be6 39.h4 gxh4 40.Bxh4 Rd4 41.Bg3 h4 42.Bh2 Bc4 43.b4 Rc8
44.Rxb7+ Kd8 45.f3 Bb5 46.Kh1 Rd5 47.bxc5 Rcxc5 48.Bg1 Re5 49.Rb1 Rc2 50.Rd1 d5
51.Bd4 Rf5 52.Rh7 Ke8 53.Rxh4 Rg5 54.Rh2 Kd7 55.Be3 Re5 56.Bf4 Rf5 57.Rh7+ Ke6
58.Rh4 Ra2 59.Re1+ Be2 60.Bc7 Kd7 61.Rh7+ Kc6 62.Bb6 Rg5 63.Re7 Bc4 64.R7e6+ Kb5
65.Rb1+ Ka4 66.g4 Rg7 67.Kg1 Rh7 68.Bf2 Rf7 69.Kg2 Kxa5 70.g5 Rf5 71.Rg6 Bd3
72.Rbb6 Be2 73.Rb3 Bc4 74.Rc3 Kb4 75.Re3 d4 76.Re4 Kc3 77.Kg3 Bd5 78.Bxd4+ Kd3
79.Rf6 Bxe4 80.fxe4 Kxe4 81.g6 Rg5+ 82.Kh4 Rgg2 83.Bb6 Rh2+  0-1

[Event "2nd ch-EUR Women"]
[Site "Warsaw POL"]
[Date "2001.05.01"]
[Round "9"]
[White "Gaprindashvili,N"]
[Black "Agrest,S"]
[Result "0-1"]
[WhiteElo "2376"]
[BlackElo "2215"]

1.d4 f5 2.Nf3 Nf6 3.g3 g6 4.Bg2 Bg7 5.O-O O-O 6.d5 a5 7.c4 Na6 8.Nc3 Qe8
9.Bf4 h6 10.Nb5 d6 11.Nfd4 Bd7 12.Nc3 g5 13.Bc1 Nc5 14.e3 Nfe4 15.Ncb5 Qd8
16.f3 Nf6 17.Qc2 Nh7 18.Rd1 c6 19.Nc3 Qe8 20.Nb3 Na6 21.Qe2 Nc7 22.Nd4 Qf7
23.e4 f4 24.g4 c5 25.Nf5 Bxf5 26.exf5 Bd4+ 27.Kh1 Nf6 28.Bd2 Kg7 29.Be1 h5
30.Rac1 Rh8 31.Rd3 Rh6 32.h3 Rah8 33.Rcd1 Kf8 34.Ne4 Nxe4 35.fxe4 Ne8 36.Bf3 hxg4
37.Bxg4 Nf6 38.Rb3 Be3 39.Kg2 Qh7 40.Rxe3 fxe3 41.Bg3 Rxh3 42.Rg1 Rh1  0-1